SAP 2000.V11.04 : Tính toán công trình cảng và công trình bờ biển

Tài liệu hỗ trợ các kỹ sư ngành công trình cảng và công trình biển và bạn đọc quan tâm trong công việc tính toán thiết kế xây dựng công trình cảng và công trình biển. Nội dung cuốn sách gồm 3 chương: Chương 1: Giới thiệu chung về phần mê...

Volledige beschrijving

Bewaard in:
Bibliografische gegevens
Hoofdauteur: Nguyễn, Viết Trung
Formaat: Boek
Taal:Undetermined
Gepubliceerd in: Hà Nội Xây dựng 2010
Onderwerpen:
Tags: Voeg label toe
Geen labels, Wees de eerste die dit record labelt!
Thư viện lưu trữ: Trung tâm Học liệu Trường Đại học Cần Thơ
LEADER 01511nam a2200229Ia 4500
001 CTU_168927
008 210402s9999 xx 000 0 und d
020 |c 46000 
082 |a 627.2 
082 |b Tr513 
100 |a Nguyễn, Viết Trung 
245 0 |a SAP 2000.V11.04 : 
245 0 |b Tính toán công trình cảng và công trình bờ biển 
245 0 |c Chủ biên Nguyễn Viết Trung 
260 |a Hà Nội 
260 |b Xây dựng 
260 |c 2010 
520 |a Tài liệu hỗ trợ các kỹ sư ngành công trình cảng và công trình biển và bạn đọc quan tâm trong công việc tính toán thiết kế xây dựng công trình cảng và công trình biển. Nội dung cuốn sách gồm 3 chương: Chương 1: Giới thiệu chung về phần mềm SAP 2000 phiên bản 11.04. Một số điểm mới trong khả năng phân tích của phần mềm ; chương 2: Các tính năng hỗ trợ của SAP 2000 trong tính toán công trình cảng và công trình biển ; và chương 3: Các ví dụ tính toán kết cấu công trình cảng và công trình biển. 
650 |a Hydraulic structures,Harbors,Bến cảng,Cấu trúc thủy lực 
650 |x Design and construction,Thiết kế và xây dựng 
904 |i Trọng Hiếu 
980 |a Trung tâm Học liệu Trường Đại học Cần Thơ